Alabama 100k cities - Statistics

General Stats
  • This quiz has been taken 37 times
  • The average score is 5 of 5
Answer Stats
Hint Answer % Correct
195,287 Montgomery
97%
196,644 Birmingham
94%
225,564 Huntsville
91%
182,595 Mobile
88%
111,338 Tuscaloosa
85%
No matching quizzes found
Score Distribution
Percent of People with Each Score
Percentile by Number Answered
Your Score History
You have not taken this quiz